00428nam a2200121Ia 4500008004100000100002500041245006000066245007000126260000900196300003300205440004500238650002300283171207s9999 xx 000 0 und d aLaghouaouta, Youness 2aA dedicated approach for model composition traceability cYouness Laghouaouta, Adil Anwar, Mahmoud Nassar, Bernard Coulette c2017 apages 142-159, November 2017 aInformation and Software Technologyv91: aSOFTWARE TECHNLOGY